000 00504nam a2200169 i 4500
001 94551
003 ES-MaACL
005 20230906181515.0
007 t|
008 050506s1930 it ||||1| ita d
100 1 _aLoria, Gino.
_974208
245 1 0 _aCurve piane speciali algebriche e trascendenti
_b: teoria e storia /
_cGino Loria.
260 _aMilano :
_bUlrico Hoepli,
_c1930.
300 _aXVI, 574 p. :
_bil. ;
_c25 cm.
500 _aV.I. Contiene Curve algebriche.
852 _aES-MaACL
_jD-8719
999 _c94551
_d94551